Responses for Show #2802 - Tuesday, November 5, 1996

Contestants

[<< previous game]

Chris Belanger, a graduate student from East Greenwich, Rhode Island

George Klos, a researcher from Austin, Texas

Alice Rote, a high school teacher from Doylestown, Ohio (whose 1-day cash winnings total $6,399)

[next game >>]

Jeopardy! Round responses

THOMAS JEFFERSON
TIME SPANS
LITERARY TERMS
THE MOVIES
TRAVEL U.S.A.
4-LETTER WORDS
    $100 3
the Declaration of Independence

George
    $100 21
Buffalo Bill Cody

Alice
    $100 1
a pun

Chris
    $100 6
Steve Martin

George
    $100 26
Honolulu

George
    $100 16
"Taps"

Alice
    $200 4
the violin

Alice
    $200 22
(Alex: We have less than a minute to go in the round.)

Halley

Alice
    $200 2
a rhetorical question

George
    $200 10
Al Pacino

Chris
    $200 17
a barb

Chris
    $300 7
pedometer

Triple Stumper
    $300 23
Old Faithful

Chris
    $300 5
a libretto

Chris
    $300 11
(George: What is Beyond Thunderdome?)

The Road Warrior

GeorgeChris
    $300 18
(Chris: What is a centaur?)

a faun

Chris
Triple Stumper
    $400 8
Secretary of State

Alice
    $400 24
the Enlightenment

Chris
    $400 14
a climax

Chris
    $400 12
Tin Cup

Chris
    $400 28
[The end-of-round signal sounds.]

Birmingham

George
    $400 19
(George: What is Utah and...)

(2 of) Ohio & Utah (Iowa)

GeorgeChris
    $500 9
(George: What is the Virginia Assembly?)

the Virginia House of Burgesses

GeorgeChris
    $500 25
the World Cup

Alice
    $500 15
Lewis Carroll

Alice
    $500 13
Halloween

Triple Stumper
    $500 27
the King Ranch

George
    $500 20
(George: What is kiwi?)

a rhea

George
Triple Stumper

Scores at the first commercial break (after clue 14):

Alice George Chris
$600 -$400 $2,200

Scores at the end of the Jeopardy! Round:

Alice George Chris
$2,000 -$300 $3,200

Double Jeopardy! Round responses

CATS
DAM
YANKEES
VICTOR/VICTORIA
THE KING AND I
BROADWAY MUSICALS
    $200 12
Siamese

Chris
    $200 26
(George: What is the Tennessee Valley... Administration?)
...
(Alex: We have less than a minute to go.)

the Tennessee Valley Authority

GeorgeChris
    $200 1
Sherman

Alice
    $200 21
Victor Hugo

George
    $200 6
Louis XIV

Chris
    $200 11
Oliver!

Chris
    $400 13
the Manx

Alice
    $400 2
(Abner) Doubleday

Chris
    $400 22
Victor Mature

George
    $400 7
Eleanor

Chris
    $400 17
Beauty and the Beast

Chris
    $1,800 14
Abyssinian

Alice
    $600 27
the Netherlands

Alice
    $600 3
David Farragut

Chris
    $600 23
Victor Herbert

Alice
    $600 8
Scotland

Alice
    $600 18
The Best Little Whorehouse in Texas

Chris
    $800 15
the Maine Coon cat

Triple Stumper
    $800 28
(Alice: What is the Aswan Dam?)
(Alex: Be more specific.)

the Aswan High Dam

Alice
    $800 4
(Lew) Wallace

Chris
    $800 24
Victoria Woodhull

George
    $800 9
Nell Gwyn

Triple Stumper
    $800 19
Rent

Alice
    $1000 16
the Sphinx cat

Triple Stumper
    $2,000 29
(Alice: Uh, what is the St. Lawrence Seaway?)
...
[The end-of-round signal sounds.]

the Panama Canal

Alice
    $1000 5
(John) Fremont

Alice
    $1000 25
Victor Fleming

Alice
    $1000 10
Edward VII

Alice
    $1000 20
Kismet

Chris

Scores at the end of the Double Jeopardy! Round:

Alice George Chris
$8,800 $900 $8,200

[wagering suggestions for these scores]

Final Jeopardy! Round responses

AMERICAN ARTISTS
GeorgeWho is ?
$900
ChrisWho is W. Homer?
$2,000
AliceWho is W. Homer
$7,601
Winslow Homer

Final scores:

Alice George Chris
$16,401 $0 $10,200
2-day champion: $22,800 3rd place: Amana smooth top range + Jeopardy! scorekeeper 2nd place: trip to Barbados & stay at Almond Beach Resort + Jeopardy! scorekeeper

Game dynamics:

Coryat scores:

Alice George Chris
$9,600 $900 $8,200
18 R
(including 1 DD),
1 W
(including 1 DD)
9 R,
5 W
22 R,
1 W

Combined Coryat: $18,700

[game clues] [game scores] [suggest correction]

Game tape date: 1996-09-04
The J! Archive is created by fans, for fans. Scraping, republication, monetization, and malicious use prohibited; this site may use cookies and collect identifying information. See terms. The Jeopardy! game show and all elements thereof, including but not limited to copyright and trademark thereto, are the property of Jeopardy Productions, Inc. and are protected under law. This website is not affiliated with, sponsored by, or operated by Jeopardy Productions, Inc. Join the discussion at JBoard.tv.